| 000 | 00567cam a2200217ua 4500 | ||
|---|---|---|---|
| 001 | 8274 | ||
| 005 | 20260515114320.0 | ||
| 008 | 150127n ii |||gr||||Z||||||asm | ||
| 040 | _cMAIN | ||
| 041 | _aasm | ||
| 082 | _a491.451 | ||
| 100 |
_aHakacham, Upen Rabha, _eAuthor. |
||
| 245 |
_aAsamiya aru asamar bhasa- upabhasa _cby Upen Rabha Hakacham |
||
| 250 | _a1st. | ||
| 260 |
_aGuwahati: _bJyoti prakashan, _c2009. |
||
| 300 | _a400p. | ||
| 653 | _aEast Indo-European & Celtic languages | ||
| 653 | _aAssamese language | ||
| 653 | _aAsamia bhasa | ||
| 942 | _cBK | ||
| 999 |
_c7384 _d7384 |
||